000 00513nam a2200157 a 4500
001 000031400
005 20250131205119.0
008 110620s1940 dr 000 | spa d
040 _aDO-SdBNP
_bspa
_cBNPHU
110 2 _aUniversidad de Santo Domingo
_937767
245 1 0 _aBases y organización de la Facultad de Filosofía.
260 _aCiudad Trujillo, República Dominicana :
_bImprenta Listín Diario,
_c1940.
300 _a87 p. ;
_c24 cm.
500 _aIncluye notas al pie de las páginas.
049 _aBNPD
999 _c30892
_d30892